Fittness On The Go/ (Record no. 187507)

MARC details
000 -LEADER
fixed length control field 00522nam a22001817a 4500
005 - DATE AND TIME OF LATEST TRANSACTION
control field 20220421123842.0
010 ## - LCCN (DPL NO)
LC control number ENG-132349
020 ## - INTERNATIONAL STANDARD BOOK NUMBER
International Standard Book Number 978192557335
Terms of availability 700.00
035 ## - SYSTEM CONTROL NUMBER
System control number EN-115881
037 ## - SOURCE OF ACQUISITION
Source of stock number/acquisition DBAD/PUB
082 ## - DEWEY DECIMAL CLASSIFICATION NUMBER
Classification number 613.7
100 ## - MAIN ENTRY--PERSONAL NAME
Personal name Darbari, Vipul
245 ## - TITLE STATEMENT
Title Fittness On The Go/
Statement of responsibility, etc Vipul Darbari
260 ## - PUBLICATION, DISTRIBUTION, ETC. (IMPRINT)
Place of publication, distribution, etc New Delhi
Name of publisher, distributor, etc Pawan Publication
Date of publication, distribution, etc 2016
270 ## - ADDRESS
Address H-1/48, Bengali Colony, Mahaveer Enclave
City New Delhi
Postal code 110045
300 ## - PHYSICAL DESCRIPTION
Extent 240p.
Dimensions 22cm(hbk)
942 ## - ADDED ENTRY ELEMENTS (KOHA)
Source of classification or shelving scheme Dewey Decimal Classification
Item type English Books
Classification part 613.7
Call number suffix DAR
Holdings
Withdrawn status Lost status Not for loan Collection code Home library Current library Date acquired Source of acquisition Cost, normal purchase price Full call number Barcode Copy number Cost, replacement price Koha item type
      Non-fiction Patel Nagar Patel Nagar 21/04/2022 DBAD/PUB 700.00 613.7 DAR EN-115881 1 700.00 English Books

© Delhi Public Library
Hit Counter
free hit counter